[Event "It (open)"]
[Site "masterchessopen.com Cali (Colombia)"]
[Round "4"]
[White "Renteria Jorge (COL)"]
[Black "Higuita Elias (COL)"]
[Result "1-0"]
[WhiteElo "2271"]
[BlackElo "2204"]

1.e4 c5 2.Nf3 Nc6 3.d4 cxd4 4.Nxd4 g6 5.c4 Nf6 6.Nc3 Nxd4 7.Qxd4 d6 8.Bg5 Bg7
9.Qd2 O-O 10.f3 Be6 11.Rc1 Qa5 12.a3 Rfc8 13.Nd5 Qxd2+ 14.Kxd2 Nxd5 15.cxd5
Bxb2 16.Rc2 Bxa3 17.dxe6 f6 18.Be3 Bb4+ 19.Kd3 a5 20.Rxc8+ Rxc8 21.Bd2 Bxd2
22.Kxd2 Rc5 23.Bd3 b5 24.Rc1 b4 25.Rxc5 dxc5 26.Bb5 Kg7 27.Kd3 f5 28.e5 g5
29.g4 {#r} 1-0

[Event "Ch Germany (juniors) (under 12)"]
[Site "masterchessopen.com Germany"]
[Round "4"]
[White "Fervers Lukas (GER)"]
[Black "Fruebing Stefan (GER)"]
[Result "0-1"]
[WhiteElo "2108"]
[BlackElo "2373"]

1.e4 c5 2.Nf3 Nc6 3.d4 cxd4 4.Nxd4 g6 5.c4 Nf6 6.Nc3 Nxd4 7.Qxd4 d6 8.Bg5 Bg7
9.Qe3 O-O 10.Bd3 Be6 11.O-O Re8 12.Rac1 Qa5 13.f3 Rac8 14.Qe2 Qxg5 15.b4 Nh5
16.Rc2 Bd4+ 17.Kh1 Ng3+ 18.hxg3 Qh5# 0-1

[Event "Olympiad (children)"]
[Site "masterchessopen.com Gurzuf (Ukraine)"]
[Round "1"]
[White "Anisimov Pavel (RUS)"]
[Black "Delorme Laurie (FRA)"]
[Result "1-0"]
[WhiteElo "2318"]
[BlackElo "2223"]

1.e4 c5 2.Nf3 Nc6 3.d4 cxd4 4.Nxd4 g6 5.c4 Nf6 6.Nc3 d6 7.Be2 Nxd4 8.Qxd4 Bg7
9.Be3 O-O 10.Qd2 Be6 11.f3 Qa5 12.O-O Rfc8 13.b3 a6 14.a4 Nd7 15.Rac1 Nc5
16.Qc2 Qb4 17.Bd1 f5 18.Nd5 Bxd5 19.exd5 Qb6 20.Re1 Re8 21.Qf2 Rac8 22.Bc2 Qd8
23.b4 Nd7 24.Bb3 Nf6 25.Bb6 Qd7 26.Qe3 Nh5 27.c5 Be5 28.c6 {#r} 1-0

[Event "Ch Hungary (team) 2000/01 (3 liga)"]
[Site "masterchessopen.com Hungary"]
[Round "1"]
[White "Nagy Karoly (HUN)"]
[Black "Toth Mate (HUN)"]
[Result "1-0"]
[WhiteElo "2122"]
[BlackElo "2134"]

1.e4 c5 2.Nf3 Nc6 3.c4 g6 4.d4 cxd4 5.Nxd4 Nf6 6.Nc3 Nxd4 7.Qxd4 d6 8.Be2 Bg7
9.O-O O-O 10.Qd3 Be6 11.Nd5 Nd7 12.Rb1 f5 13.Bg5 Rf7 14.f3 Ne5 15.Qb3 Rb8
16.Rbd1 Nc6 17.Be3 Qa5 18.Nf4 Bd7 19.c5 Nd8 20.Bc4 e5 21.Bxf7+ Nxf7 22.Nd5 f4
23.Bf2 Bf8 24.Nf6+ {#r} 1-0

[Event "Oz.com qualifier (blitz)"]
[Site "masterchessopen.com Internet"]
[Round "1"]
[White "Castaneda Nelson (USA)"]
[Black "Grijalva Ricky (USA)"]
[Result "1-0"]
[WhiteElo "2351"]
[BlackElo "2138"]

1.e4 c5 2.Nf3 Nc6 3.d4 cxd4 4.Nxd4 g6 5.c4 Nf6 6.Nc3 d6 7.Be3 Ng4 8.Nxc6 Nxe3
9.Nxd8 Nxd1 10.Rxd1 Kxd8 11.e5 Bg7 12.exd6 Bxc3+ 13.bxc3 exd6 14.Rxd6+ Kc7
15.Rd4 Be6 16.Be2 Rac8 17.Kd2 Kb6 18.Rb1+ Ka6 19.c5+ Ka5 20.Rb5+ Ka6 21.Ra4#
1-0

[Event "Olympiad (w)"]
[Site "masterchessopen.com Istanbul (Turkey)"]
[Round "13"]
[White "Buervenich Silvia (SWE)"]
[Black "Mongontuul Bathuyag (MGL)"]
[Result "1-0"]
[WhiteElo "2201"]
[BlackElo "2166"]

1.e4 c5 2.Nf3 Nc6 3.d4 cxd4 4.Nxd4 g6 5.c4 Nf6 6.Nc3 Nxd4 7.Qxd4 d6 8.Bg5 Bg7
9.Qd2 O-O 10.Bd3 Be6 11.O-O Qa5 12.Nd5 Qxd2 13.Nxe7+ Kh8 14.Bxd2 Rfe8 15.Nd5
Bxd5 16.exd5 Nd7 17.Be3 Nb6 18.Rab1 Na4 19.b4 Nc3 20.Rb3 b6 21.Rc1 Ne4 22.g3
Rac8 23.Bxe4 Rxe4 24.c5 Re5 25.Rd3 Kg8 26.Bf4 Re4 27.Bxd6 Rxb4 28.c6 Rb5
29.Be7 {#r} 1-0

[Event "Ch Kiev"]
[Site "masterchessopen.com Kiev (Ukraine)"]
[Round "0"]
[White "Pankin Eugeny (UKR)"]
[Black "Arutiunov Viktor (UKR)"]
[Result "1-0"]
[WhiteElo "2191"]
[BlackElo "2090"]

1.e4 c5 2.d4 cxd4 3.Nf3 Nc6 4.Nxd4 g6 5.c4 Nf6 6.Nc3 Nxd4 7.Qxd4 d6 8.Bg5 Bg7
9.Qd2 Be6 10.Rc1 O-O 11.Bd3 Rc8 12.b3 a6 13.O-O Nd7 14.Rfe1 f6 15.Be3 Ne5
16.Bf1 Ng4 17.Bf4 f5 18.h3 Nf6 19.Bg5 Qd7 20.exf5 Bxf5 21.g4 Bxg4 22.hxg4
Qxg4+ 23.Bg2 Rc5 24.Nd5 Nxd5 25.cxd5 Rf5 26.Be3 Rcxd5 27.Qe2 Qxe2 28.Bxd5+
{#r} 1-0

[Event "It (open)"]
[Site "masterchessopen.com Laragne (France)"]
[Round "3"]
[White "Bonnet Edouard (FRA)"]
[Black "Prie Eric (FRA)"]
[Result "0-1"]
[WhiteElo "2155"]
[BlackElo "2492"]

1.e4 c5 2.Nf3 Nc6 3.d4 cxd4 4.Nxd4 g6 5.c4 Nf6 6.Nc3 d6 7.Be2 Nxd4 8.Qxd4 Bg7
9.O-O O-O 10.Qd3 Be6 11.Bd2 a6 12.f4 Nd7 13.b3 Nc5 14.Qe3 b5 15.cxb5 axb5
16.Bxb5 Bxb3 17.axb3 Rxa1 18.Rxa1 Nxb3 19.Ra4 Nxd2 20.Qxd2 Bxc3 21.Qxc3 Qb6+
22.Qd4 Qxb5 23.Ra1 Rc8 24.h3 f6 25.Ra7 Rc4 26.Ra8+ Kg7 27.Qa7 Qb1+ 28.Kh2 Qxe4
{#R} 0-1

[Event "It (open)"]
[Site "masterchessopen.com Lisbon (Portugal)"]
[Round "7"]
[White "Korneev Oleg (RUS)"]
[Black "Hernandez Tania (CUB)"]
[Result "1-0"]
[WhiteElo "2619"]
[BlackElo "2231"]

1.e4 c5 2.Nf3 Nc6 3.d4 cxd4 4.Nxd4 g6 5.c4 Nf6 6.Nc3 d6 7.Be2 Nxd4 8.Qxd4 Bg7
9.O-O O-O 10.Qe3 Be6 11.Rb1 Nd7 12.Nd5 Bxd5 13.exd5 a5 14.b3 Qc7 15.Bb2 Bf6
16.Rfe1 Rfe8 17.Bg4 Bxb2 18.Rxb2 Nf6 19.Bf3 a4 20.Qd4 axb3 21.axb3 b5 22.g3
Ra3 23.cxb5 Qa5 24.b4 Qxb5 {#r} 1-0

[Event "It (open)"]
[Site "masterchessopen.com Mondariz (Spain)"]
[Round "2"]
[White "Ramos Pinto Jose Maria (ESP)"]
[Black "Sales Montealegre Raquel (ESP)"]
[Result "0-1"]
[WhiteElo "1559"]
[BlackElo "2138"]

1.e4 c5 2.Nf3 Nc6 3.d4 cxd4 4.Nxd4 g6 5.c4 Nf6 6.Nc3 d6 7.Be3 Ng4 8.Nc2 Nxe3
9.Nxe3 Bg7 10.Qd2 O-O 11.Be2 Bd7 12.O-O Rc8 13.Rab1 Nd4 14.Bd3 a5 15.b4 axb4
16.Rxb4 Bc6 17.Ned5 Ra8 18.f4 e6 19.Ne3 Ra3 20.Kh1 Nf3 {#R} 0-1

[Event "Ch World (juniors) (under 16)"]
[Site "masterchessopen.com Oropesa (Spain)"]
[Round "6"]
[White "Haddouche Mohamed (ALG)"]
[Black "Stojanovski Dejan (MKD)"]
[Result "0-1"]
[WhiteElo "2152"]
[BlackElo "2324"]

1.e4 c5 2.Nf3 g6 3.d4 cxd4 4.Nxd4 Nc6 5.c4 Nf6 6.Nc3 d6 7.Be2 Nxd4 8.Qxd4 Bg7
9.Be3 O-O 10.Qd2 Be6 11.O-O Qa5 12.Rac1 Rfc8 13.b3 a6 14.f4 b5 15.f5 Bd7
16.Bh6 Bc6 17.Bxg7 Kxg7 18.Kh1 bxc4 19.Bxc4 Qe5 20.Qe2 a5 21.Rfe1 a4 22.Qf2
axb3 23.axb3 Bb7 24.h3 Ba6 25.Bd5 {#R} 0-1

[Event "Ch Ukraine (juniors) (under 14)"]
[Site "masterchessopen.com Simferopol (Ukraine)"]
[Round "0"]
[White "Areshchenko Alexander (UKR)"]
[Black "Yarmysty Mikhail (UKR)"]
[Result "1-0"]
[WhiteElo "2328"]
[BlackElo "2322"]

1.e4 c5 2.Nf3 Nc6 3.d4 cxd4 4.Nxd4 g6 5.c4 Nf6 6.Nc3 d6 7.Be2 Nxd4 8.Qxd4 Bg7
9.Be3 O-O 10.Qd2 Qa5 11.O-O Be6 12.Rac1 Rfc8 13.b3 a6 14.f4 b5 15.f5 b4
16.fxe6 bxc3 17.exf7+ Kf8 18.Qxc3 Qxc3 19.Rxc3 Nd5 20.exd5 Bxc3 21.Bg4 Rc7
22.Rf3 Bg7 23.Be6 h6 24.h4 Be5 25.Bxh6+ Bg7 26.Rg3 Bxh6 27.Rxg6 Bg7 28.h5 {#r}
1-0

[Event "Memorial M.Chigorin (open)"]
[Site "masterchessopen.com St. Petersburg (Russia)"]
[Round "8"]
[White "Beshukov Sergei (RUS)"]
[Black "Andreeva Nataliya (RUS)"]
[Result "1-0"]
[WhiteElo "2428"]
[BlackElo "2320"]

1.e4 c5 2.Nf3 Nc6 3.d4 cxd4 4.Nxd4 g6 5.c4 Nf6 6.Nc3 d6 7.Be2 Nxd4 8.Qxd4 Bg7
9.O-O O-O 10.Qe3 Be6 11.Rb1 Qb6 12.Qg3 Qb4 13.Qd3 Nd7 14.Nd5 Bxd5 15.exd5 Qa4
16.a3 Nc5 17.Qd2 Qb3 18.Qd1 Rfc8 19.Bg5 Kf8 20.Re1 Rc7 21.Qc1 b5 22.cxb5 Rac8
23.Bc4 Qa4 24.b3 Nd3 25.Bxd3 {#r} 1-0

[Event "It (open)"]
[Site "masterchessopen.com Swidnica (Poland)"]
[Round "10"]
[White "Stoklosa Seweryn (POL)"]
[Black "Fiodorov Mikhail (UKR)"]
[Result "1-0"]
[WhiteElo "2073"]
[BlackElo "2329"]

1.e4 c5 2.Nf3 Nc6 3.d4 cxd4 4.Nxd4 g6 5.c4 Nf6 6.Nc3 Nxd4 7.Qxd4 d6 8.Bg5 Bg7
9.Be2 O-O 10.Qd2 Qa5 11.O-O Be6 12.Nd5 Qxd2 13.Nxe7+ Kh8 14.Bxd2 Nxe4 15.Be3
Bxb2 16.Rab1 Bf6 17.Rxb7 Nc3 18.Bd3 a5 19.f4 Nxa2 20.f5 gxf5 21.Bxf5 Bxc4
22.Bd3 Bxd3 23.Rxf6 Nc3 24.Rxd6 Ne2+ 25.Kf2 Ba6 26.Rbb6 Bc4 27.Rbc6 Bb5 28.Rc5
Rfb8 29.Bg5 Kg7 30.Bf6+ Kf8 31.Rg5 {#r} 1-0

[Event "It (open)"]
[Site "masterchessopen.com Swidnica (Poland)"]
[Round "4"]
[White "Sulypa Alexandre (UKR)"]
[Black "Fiodorov Mikhail (UKR)"]
[Result "1-0"]
[WhiteElo "2487"]
[BlackElo "2329"]

1.e4 c5 2.Nf3 Nc6 3.d4 cxd4 4.Nxd4 g6 5.c4 Nf6 6.Nc3 Nxd4 7.Qxd4 d6 8.Bg5 Bg7
9.Be2 O-O 10.Qd2 Be6 11.Rc1 Qa5 12.f3 Rfc8 13.b3 Kf8 14.O-O a6 15.f4 b5 16.e5
dxe5 17.fxe5 Ng8 18.Bf3 Rab8 19.Bd5 bxc4 20.b4 Rxb4 21.Rf2 Bxd5 22.Nxd5 Rb5
23.Qf4 f5 24.exf6 Nxf6 25.Bxf6 Bxf6 26.Nxf6 Rf5 27.Qh6+ Kf7 28.Ne4 Kg8 29.Rxf5
Qxf5 30.Ng5 Qf6 31.Qxh7+ Kf8 32.Rf1 {#r} 1-0

[Event "Memorial Bader (open)"]
[Site "masterchessopen.com Heves (Hungary)"]
[Date "2000.10.21"]
[Round "4"]
[White "Csizmadia Lajos (HUN)"]
[Black "Eberth Zoltan (HUN)"]
[Result "0-1"]
[WhiteElo "2021"]
[BlackElo "2176"]

1.e4 c5 2.Nf3 Nc6 3.d4 cxd4 4.Nxd4 g6 5.c4 Nf6 6.Nc3 Nxd4 7.Qxd4 d6 8.Be2 Bg7
9.Qd3 O-O 10.h3 Be6 11.Be3 Rc8 12.Nd5 Bxd5 13.exd5 Nd7 14.Qd2 Nc5 15.Rc1 Ne4
16.Qc2 Qa5+ 17.Kf1 f5 18.b3 f4 19.Qxe4 fxe3 20.Qxe3 Qxa2 21.g3 Qb2 22.Rd1 b5
23.Rd2 Qf6 24.Qxa7 Rc5 25.Bd1 bxc4 26.bxc4 Qc3 27.Qa2 Qxg3 28.Bg4 Qf4 {#R} 0-1

[Event "It (open)"]
[Site "masterchessopen.com Biel (Switzerland)"]
[Round "5"]
[White "Konguvel Ponnuswamy (IND)"]
[Black "Frauenfelder Rudolf (SUI)"]
[Result "1-0"]
[WhiteElo "2404"]
[BlackElo "2160"]

1.e4 c5 2.Nf3 Nc6 3.d4 cxd4 4.Nxd4 g6 5.c4 Nf6 6.Nc3 Nxd4 7.Qxd4 d6 8.Bg5 Bg7
9.Be2 O-O 10.Qd2 Be6 11.f3 Qa5 12.Rc1 Rfc8 13.b3 a6 14.Na4 Qxd2+ 15.Kxd2 Nd7
16.g4 Kf8 17.Be3 Rab8 18.Rhd1 Ke8 19.Ke1 Nc5 20.Nxc5 dxc5 21.f4 b6 22.Bf3 f5
23.gxf5 gxf5 24.e5 Rd8 25.Ke2 Rxd1 26.Rxd1 Rd8 27.Bh5+ {#r} 1-0

[Event "Ch Czech Republic (juniors) (under 14)"]
[Site "masterchessopen.com Czech Republic"]
[Round "9"]
[White "Vymazal Bronislav (CZE)"]
[Black "Zeleny Tomas (CZE)"]
[Result "1-0"]
[WhiteElo "2050"]
[BlackElo "2075"]

1.e4 c5 2.Nf3 Nc6 3.d4 cxd4 4.Nxd4 g6 5.c4 Nf6 6.Nc3 d6 7.Be2 Nxd4 8.Qxd4 Bg7
9.Be3 O-O 10.Qd1 Be6 11.Rc1 Qa5 12.O-O Rfc8 13.Qb3 Nd7 14.Nd5 Kf8 15.a3 Nf6
16.Qxb7 Bxd5 17.cxd5 Rcb8 18.Qc6 Nxe4 19.Rc4 Nf6 20.Rd1 Rd8 21.Ra4 {#r} 1-0

[Event "Ch England (team) 2000/01 (2 div)"]
[Site "masterchessopen.com England"]
[Round "9"]
[White "Hunt Adam (ENG)"]
[Black "Richards John (ENG)"]
[Result "1-0"]
[WhiteElo "2356"]
[BlackElo "2034"]

1.e4 c5 2.Nf3 Nc6 3.d4 cxd4 4.Nxd4 g6 5.c4 Nf6 6.Nc3 Nxd4 7.Qxd4 d6 8.Bg5 Bg7
9.Be2 O-O 10.Qd2 Be6 11.Rc1 Qa5 12.O-O a6 13.f3 Rac8 14.b3 Rc5 15.Be3 Rc7
16.b4 Qxb4 17.Rb1 Nxe4 18.Nxe4 Qa4 19.Bb6 Rc6 20.Rb4 Qa3 21.Rfb1 {#r} 1-0

[Event "It (open)"]
[Site "masterchessopen.com Karvina (Czech Republic)"]
[Round "7"]
[White "Firt Stanislav (CZE)"]
[Black "Walach Marcin (POL)"]
[Result "1-0"]
[WhiteElo "2351"]
[BlackElo "2260"]

1.e4 c5 2.Nf3 Nc6 3.d4 cxd4 4.Nxd4 g6 5.c4 Nf6 6.Nc3 Nxd4 7.Qxd4 d6 8.Be3 Bg7
9.Be2 O-O 10.Qd2 Be6 11.Rc1 Qa5 12.O-O Rfc8 13.b3 a6 14.f4 b5 15.f5 Bd7 16.c5
b4 17.Nd5 Nxd5 18.Qxd5 Bc6 19.Qd3 Bb5 20.Qc2 dxc5 21.Bc4 Bxc4 22.Qxc4 Qb6
23.fxg6 Qxg6 24.Bxc5 Rc6 25.Qxb4 a5 26.Qd2 Rac8 27.Bxe7 Qxe4 28.Rce1 Qg6
29.Qd5 Qc2 30.a4 Bf8 31.Bxf8 {#r} 1-0

[Event "Ch Russia (juniors) (under 20)"]
[Site "masterchessopen.com Kazan (Russia)"]
[Round "6"]
[White "Shinkevich Vitaly (RUS)"]
[Black "Inarkiev Ernesto (RUS)"]
[Result "0-1"]
[WhiteElo "2469"]
[BlackElo "2491"]

1.e4 c5 2.Nf3 Nc6 3.d4 cxd4 4.Nxd4 g6 5.c4 Nf6 6.Nc3 Nxd4 7.Qxd4 d6 8.Be2 Bg7
9.Bg5 O-O 10.Qd2 a5 11.Rd1 Be6 12.Qe3 Nd7 13.O-O a4 14.Rd2 Re8 15.Nb5 Qa5
16.b3 axb3 17.axb3 Nc5 18.Rb1 Nxe4 19.b4 Qd8 20.Qxe4 Bf5 21.Qxb7 Ba1 22.h3 Qc8
23.Qb6 Be4 24.Nc7 Rb8 25.Qa5 Rd8 26.Rxa1 Rd7 27.Nb5 Qb7 28.Qa2 Bxg2 29.Bg4 Bf3
{#R} 0-1

[Event "It (open)"]
[Site "masterchessopen.com Kiel (Germany)"]
[Round "9"]
[White "Scepanik Hans-Juerge (GER)"]
[Black "Schmidtgall Boris (GER)"]
[Result "0-1"]
[WhiteElo "1933"]
[BlackElo "2064"]

1.e4 c5 2.Nf3 Nc6 3.d4 cxd4 4.Nxd4 g6 5.c4 Nf6 6.Nc3 d6 7.Be3 Ng4 8.Bg5 Qb6
9.f3 Nxd4 10.Rc1 Ne6 11.fxg4 Nxg5 12.Nd5 Qd8 13.c5 Ne6 14.Bc4 Bg7 15.h4 O-O
16.b4 dxc5 17.g5 Qd6 18.O-O Bd4+ 19.Kh1 Qg3 20.Nxe7+ Kh8 21.Rf3 Qxh4+ 22.Rh3
Qxg5 23.bxc5 Qxe7 24.Bxe6 Bg7 25.Bxc8 Raxc8 26.Qc2 Rfe8 27.Rf1 Rxc5 28.Qb3 Kg8
29.Rhf3 Rh5+ 30.Kg1 Bd4+ 31.R1f2 Bxf2+ 32.Kxf2 Re5 {#R} 0-1

[Event "Ch Paris (open)"]
[Site "masterchessopen.com Paris (France)"]
[Round "4"]
[White "Sanchez Louis (FRA)"]
[Black "Salomon Franck (FRA)"]
[Result "1-0"]
[WhiteElo "2154"]
[BlackElo "2020"]

1.e4 c5 2.Nf3 Nc6 3.d4 cxd4 4.Nxd4 g6 5.c4 Nf6 6.Nc3 Nxd4 7.Qxd4 Bg7 8.e5 Ng8
9.Bf4 Nh6 10.Qd2 Ng4 11.Qe2 Nh6 12.f3 O-O 13.O-O-O f6 14.exf6 exf6 15.h4 Nf7
16.Nd5 Ne5 17.h5 g5 18.Bxe5 fxe5 19.Qe4 d6 20.Ne3 Be6 21.Bd3 {#r} 1-0

[Event "It (open)"]
[Site "masterchessopen.com San Agustin (Spain)"]
[Round "4"]
[White "Pinter Gabor (HUN)"]
[Black "March Morla Xavier (ESP)"]
[Result "1-0"]
[WhiteElo "2387"]
[BlackElo "2173"]

1.e4 c5 2.Nf3 Nc6 3.d4 cxd4 4.Nxd4 g6 5.c4 Nf6 6.Nc3 d6 7.Be2 Nxd4 8.Qxd4 Bg7
9.Bg5 O-O 10.Qd2 Be6 11.Rc1 Qa5 12.f3 a6 13.b3 Rfc8 14.Na4 Qxd2+ 15.Kxd2 Nd7
16.g4 Kf8 17.Be3 f5 18.exf5 gxf5 19.h3 Rc7 20.Rhg1 a5 21.Nc3 a4 22.gxf5 Bxf5
23.Nd5 Rcc8 24.Nxe7 Bb2 25.Nxf5 {#r} 1-0

[Event "It (open)"]
[Site "masterchessopen.com St-Chely d'Aubrac (France)"]
[Round "1"]
[White "Chevrier Thomas (FRA)"]
[Black "Herrero Alain (FRA)"]
[Result "1-0"]
[WhiteElo "2223"]
[BlackElo "1758"]

1.e4 c5 2.Nf3 Nc6 3.d4 cxd4 4.Nxd4 g6 5.c4 Nf6 6.Nc3 d6 7.Be2 Nxd4 8.Qxd4 Bg7
9.Be3 O-O 10.Qd2 Be6 11.Rc1 Rc8 12.b3 a6 13.O-O b5 14.cxb5 Rxc3 15.Qxc3 Nxe4
16.Qc6 Nc5 17.Bxc5 dxc5 18.Rfd1 Bd4 19.Rxc5 Qa5 20.Rxd4 Qe1+ 21.Bf1 Rc8
22.Qxc8+ {#r} 1-0

[Event "Ch St. Petersburg (w)"]
[Site "masterchessopen.com St. Petersburg (Russia)"]
[Round "9"]
[White "Sudakova Irina (RUS)"]
[Black "Rakitskaja Mariya (RUS)"]
[Result "1-0"]
[WhiteElo "2341"]
[BlackElo "2154"]

1.e4 c5 2.Ne2 Nc6 3.d4 cxd4 4.Nxd4 g6 5.c4 Nf6 6.Nc3 d6 7.Be2 Nxd4 8.Qxd4 Bg7
9.Bg5 O-O 10.Qd2 Be6 11.Rc1 Rc8 12.b3 a6 13.O-O Re8 14.f4 Qa5 15.Kh1 Rc5
16.Qc2 b5 17.f5 Bd7 18.a3 Rcc8 19.Qd2 gxf5 20.e5 Ng4 21.Bxg4 fxg4 22.Bh6 Bxh6
23.Qxh6 Be6 24.Ne4 f6 25.exf6 {#r} 1-0

[Event "Tournament"]
[Site "masterchessopen.com Berlin (Germany)"]
[Round "5"]
[White "Priebe Jan (GER)"]
[Black "Heinrich Matthias (GER)"]
[Result "0-1"]
[WhiteElo "2196"]
[BlackElo "2136"]

1.e4 c5 2.Nf3 Nc6 3.d4 cxd4 4.Nxd4 g6 5.c4 Nf6 6.Nc3 Nxd4 7.Qxd4 d6 8.Nd5 Bg7
9.Bg5 O-O 10.Bxf6 exf6 11.O-O-O f5 12.Qd3 fxe4 13.Qxe4 Bf5 14.Qf4 Rc8 15.g4
Be6 16.Kb1 Rc5 17.g5 Bxd5 18.Rxd5 Qb6 19.Qd2 Rxd5 20.cxd5 Bd4 21.h4 Bxf2
22.Bd3 Re8 23.h5 Qe3 24.Qc3 Qe5 25.hxg6 hxg6 26.Rf1 Qxc3 27.bxc3 Re1+ {#R} 0-1

[Event "It (open)"]
[Site "masterchessopen.com Cullera (Spain)"]
[Round "5"]
[White "Villarino Martin Edgar (ESP)"]
[Black "Lallave Giner David (ESP)"]
[Result "0-1"]
[WhiteElo "1990"]
[BlackElo "2162"]

1.e4 c5 2.Nf3 Nc6 3.d4 cxd4 4.Nxd4 g6 5.c4 Nf6 6.Nc3 Nxd4 7.Qxd4 d6 8.Bg5 Bg7
9.O-O-O O-O 10.Qd2 Qa5 11.Be2 Bd7 12.Kb1 Rfc8 13.Bh6 b5 14.Nd5 Qxd2 15.Nxe7+
Kf8 16.Bxg7+ Kxg7 17.Rxd2 Re8 18.e5 Ne4 19.Rd4 Rxe7 20.Rxe4 Bf5 21.Bf3 Rxe5
22.Re1 Rae8 23.cxb5 Bxe4+ 24.Bxe4 Rxe4 {#R} 0-1

[Event "Ch France (team) (2) 2001/02"]
[Site "masterchessopen.com France"]
[Round "7"]
[White "Olivier Jean-Christophe (FRA)"]
[Black "Sermier Guillaume (FRA)"]
[Result "1-0"]
[WhiteElo "2389"]
[BlackElo "2379"]

1.e4 c5 2.Nf3 Nc6 3.d4 cxd4 4.Nxd4 g6 5.c4 Nf6 6.Nc3 Nxd4 7.Qxd4 d6 8.Be2 Bg7
9.Be3 O-O 10.Qd2 Ng4 11.Bg5 h6 12.Bh4 Be6 13.Rc1 Ne5 14.b3 g5 15.Bg3 a6 16.f4
gxf4 17.Bxf4 Kh7 18.Nd5 f5 19.exf5 Bxf5 20.O-O Bg6 21.Be3 e6 22.Nf4 Qe7
23.Nxg6 Nxg6 24.Bd3 Be5 25.g3 Qg7 26.Qg2 Rab8 27.Qh3 Rbe8 28.Rxf8 Qxf8 29.Qg4
Qg7 30.h4 {#r} 1-0

[Event "It (open)"]
[Site "masterchessopen.com Guingamp (France)"]
[Round "1"]
[White "Cloarec Audrey (FRA)"]
[Black "Illien Jean-Marc (FRA)"]
[Result "0-1"]
[WhiteElo "1845"]
[BlackElo "1956"]

1.e4 c5 2.Nf3 Nc6 3.d4 cxd4 4.Nxd4 g6 5.c4 Nf6 6.Nc3 d6 7.Be3 Ng4 8.Qd2 Nxe3
9.Qxe3 Bg7 10.Nxc6 bxc6 11.Be2 Qb6 12.Qxb6 axb6 13.Nd1 Be6 14.O-O Ra4 15.b3
Ra3 16.Rb1 Rxa2 17.Bf3 Kd7 18.Ne3 Rha8 19.g3 Rd2 20.Bg4 Raa2 21.b4 Bd4
22.Bxe6+ Kxe6 23.Rbd1 Bxe3 {#R} 0-1

[Event "It (open)"]
[Site "masterchessopen.com Linares (Spain)"]
[Round "4"]
[White "Perez Candelario Manuel (ESP)"]
[Black "Mirzoev Azer (AZE)"]
[Result "1-0"]
[WhiteElo "2404"]
[BlackElo "2533"]

1.e4 c5 2.Nf3 Nc6 3.d4 cxd4 4.Nxd4 g6 5.c4 Nf6 6.Nc3 d6 7.Be2 Nxd4 8.Qxd4 Bg7
9.Be3 O-O 10.Qd2 Be6 11.O-O Qa5 12.Rfc1 Rfc8 13.Rab1 a6 14.f3 Rab8 15.b3 Nd7
16.Bf1 Ne5 17.b4 Qd8 18.Nd5 Bxd5 19.exd5 Ra8 20.c5 a5 21.bxa5 dxc5 22.Bxc5 Qd7
23.Rb5 Bf6 24.Be3 h5 25.Rbc5 Rxc5 26.Rxc5 Qa4 27.h3 Rd8 28.Kh1 Qa3 29.Rb5 e6
30.Bg5 Be7 31.Qf4 {#r} 1-0

[Event "It (open)"]
[Site "masterchessopen.com Lisbon (Portugal)"]
[Round "3"]
[White "Vitorino Luis (POR)"]
[Black "Durao Pedro (POR)"]
[Result "0-1"]
[WhiteElo "1804"]
[BlackElo "2049"]

1.e4 c5 2.Nf3 Nc6 3.d4 cxd4 4.Nxd4 g6 5.c4 Nf6 6.Nxc6 bxc6 7.Nc3 d6 8.Be2 Bg7
9.O-O O-O 10.Be3 Bb7 11.Qd2 Re8 12.f4 Qa5 13.a3 a6 14.b4 Qc7 15.c5 Rad8 16.Qc2
Nd7 17.cxd6 exd6 18.Bd3 c5 19.Bd2 Nf6 20.Rae1 c4 21.Be2 Nxe4 22.Nxe4 Rxe4
23.Bf3 Rxe1 24.Bxe1 Bxf3 25.Rxf3 d5 26.f5 Qe5 27.Bg3 Qd4+ 28.Rf2 Bh6 29.Qe2
Be3 30.fxg6 Qa1+ 31.Qf1 Bxf2+ {#R} 0-1

[Event "Ch Australia (reserves)"]
[Site "masterchessopen.com Melbourne (Australia)"]
[Round "11"]
[White "Ly Thai (AUS)"]
[Black "Zivanovic Andjelija (AUS)"]
[Result "1-0"]
[WhiteElo "2022"]
[BlackElo "2003"]

1.e4 c5 2.Nf3 Nc6 3.d4 cxd4 4.Nxd4 g6 5.c4 Nf6 6.Nc3 Nxd4 7.Qxd4 d6 8.Be3 Bg7
9.Qd2 O-O 10.Be2 Be6 11.O-O a6 12.f3 Rb8 13.Rab1 Nd7 14.Bh6 Bxh6 15.Qxh6 Ne5
16.b3 Qb6+ 17.Kh1 Rfe8 18.f4 Qe3 19.Rbc1 f5 20.Qh4 Nc6 21.Rfe1 Qb6 22.exf5
gxf5 23.Bh5 Bf7 24.Bxf7+ Kxf7 25.Qxh7+ Kf8 26.Nd5 Qd8 27.Qxf5+ Kg7 28.Re6 {#r}
1-0

[Event "Ch Netherlands (juniors) (under 20)"]
[Site "masterchessopen.com Netherlands"]
[Round "4"]
[White "L'Ami Erwin (NED)"]
[Black "Ondersteijn Niels (NED)"]
[Result "1-0"]
[WhiteElo "2438"]
[BlackElo "2194"]

1.e4 c5 2.Nf3 g6 3.d4 cxd4 4.Nxd4 Nc6 5.c4 Nf6 6.Nc3 d6 7.Be2 Nxd4 8.Qxd4 Bg7
9.Be3 O-O 10.Qd2 Be6 11.O-O Qa5 12.Rac1 Rfc8 13.b3 a6 14.f3 b5 15.Nd5 Qxd2
16.Bxd2 Bxd5 17.exd5 bxc4 18.Bxc4 a5 19.Rfe1 Kf8 20.Bb5 Rcb8 21.Bc6 Ra7 22.Rc4
Rc8 23.Be3 Raa8 24.Bxa8 Rxa8 25.Rd1 Ke8 26.Ra4 Nd7 27.b4 Bc3 28.bxa5 Rxa5
29.Rc4 {#r} 1-0

[Event "Ch Hungary (team) 2001/02 (2 liga)"]
[Site "masterchessopen.com Hungary"]
[Date "2002.01.13"]
[Round "5"]
[White "Por Attila (HUN)"]
[Black "Olah Sandor (HUN)"]
[Result "1-0"]
[WhiteElo "2078"]
[BlackElo "2033"]

1.e4 c5 2.Nf3 Nc6 3.d4 cxd4 4.Nxd4 g6 5.c4 Nf6 6.Nc3 d6 7.Be2 Nxd4 8.Qxd4 Bg7
9.Be3 O-O 10.Qd1 Qa5 11.O-O a6 12.f3 Be6 13.Qd2 Rfe8 14.Rfc1 Rac8 15.b3 Bd7
16.Rab1 Bc6 17.Bf1 Qd8 18.b4 Rf8 19.b5 axb5 20.cxb5 Bd7 21.Na4 Rxc1 22.Rxc1
Be6 23.Nb6 Nd7 24.Rc8 Qxc8 25.Nxc8 Rxc8 26.a4 b6 27.a5 bxa5 28.Qxa5 d5 29.b6
d4 30.b7 Rf8 31.Bf4 f5 32.Bb5 {#r} 1-0

[Event "Ch Hungary (team) 2001/02 (2 liga)"]
[Site "masterchessopen.com Hungary"]
[Date "2002.02.10"]
[Round "7"]
[White "Boncz Adam (HUN)"]
[Black "Biro Laszlo (HUN)"]
[Result "1-0"]
[WhiteElo "1902"]
[BlackElo "2112"]

1.e4 c5 2.Nf3 Nc6 3.d4 cxd4 4.Nxd4 g6 5.c4 Nf6 6.Nc3 d6 7.Be3 Ng4 8.Nxc6 bxc6
9.Bd2 Qb6 10.Qe2 Qxb2 11.Rb1 Qa3 12.h3 Nf6 13.Qf3 Bd7 14.Rb3 Qc5 15.Na4 Qh5
16.g4 Qh4 17.e5 dxe5 18.Nc5 e4 19.Qf4 h5 20.Rb8+ Bc8 21.Rxa8 {#r} 1-0